00847nam a22002417a 4500003000900000005001700009008002500026020001500051040002200066082001700088245007000105260003200175300002600207490003800233700002500271700002700296830003800323942001200361945002800373952014500401956004200546999001700588DO-SdBNP20180209102729.0161108b 1981 sp a spa d a8427250061 aBPMSUbspacBPMSU 4axxxxxbxxxxx aAviones /cilustración Gordon Davies ; compilador Peter Usborne aBarcelona :bMolino,c1981. a24 p. :bil.,c21 cm.1 aPrimera biblioteca de los niños1 aDavies, Gordon,eil.1 aUsborne, Peter,ecomp. 0aPrimera biblioteca de los niños 2ddccBK aInventariado, 2018 / BT 00102ddc40708CI-GaBPMETbBPMETd2016-11-08eLibrería la trinitarial0oxxxxxxxxx xxxxxxxxxpBPMSU16111126r2016-11-08w2016-11-08yBK aBTAVÁREZb10d20161108fBPMSUh0038 c11864d11864